000 00463nam a2200181Ia 4500
001 22774
005 20260414150853.0
008 260414t2009||||xx |||||||||||||| ||spa||
041 _aESP
082 _a621.8
_bN82
100 _aNorton, Robert L.
_eAUT
245 0 _aDiseño de maquinaria :
_bsistemas y análisis de maquinaria y mecanismos
260 _c2009
300 _a724 páginas :
_c\N
650 _aTCA
654 _aCET
942 _cLIB
_dJUS
_fJUS
_2ddc
_n
999 _c22774
_d22774